[Event "Romanian Open 2021"]
[Site "Alba Iulia"]
[Date "2021.11.24"]
[Round "6.2"]
[White "Stoleriu, George"]
[Black "Manolache, Marius"]
[Result "1/2-1/2"]
[WhiteElo "2412"]
[BlackElo "2506"]
[Annotator "TA"]
[PlyCount "158"]
[EventDate "2021.11.21"]
[EventType "swiss"]
[EventCountry "ROU"]
[SourceTitle "playchess.com"]
[Source "ChessBase"]
[SourceQuality "1"]

{[%evp 11,158,35,55,62,53,58,59,44,62,49,50,21,19,0,-2,-12,96,89,106,86,140,56,63,0,17,0,0,-80,-80,-75,-80,-84,-95,-83,-84,-91,-78,-71,-81,-94,-108,-102,-72,-75,-84,-112,-112,-121,-80,-81,-2,-14,-7,-8,-2,-5,0,-46,-46,-41,-54,-54,-49,-54,0,0,0,0,0,0,0,-91,0,-11,-9,-20,-13,-13,-8,-12,-12,-12,0,0,0,-12,-12,-12,-1,-17,-17,-17,-12,-12,-12,-12,-8,-8,0,0,0,0,0,0,0,0,0,0,0,-34,-8,-10,-8,-8,0,0,0,0,0,0,0,0,0,0,0,0,0,0,0,0,0,0,0,0,0,0,0,0,0,0,0,0,0,0,0,0,0,0,0]} 1. e4 g6 2. d4 Bg7 3. Nc3 d6 4. f4 Nf6 5. Nf3 O-O 6. Bd3 Nfd7 7. O-O {B09: Pirc Defence: Austrian Attack.} c5 8. d5 Na6 9. Be3 {[#] White is slightly better.} Rb8 $146 ({Predecessor:} 9... Nc7 10. Qe1 Rb8 11. a4 a6 12. a5 b5 13. axb6 Rxb6 14. Na4 Rb8 15. Qh4 e6 16. dxe6 fxe6 {1-0 (45) Istratescu,A (2330)-Burovic,I (2355) Kavala 1990}) 10. a4 Nb4 11. Be2 Nf6 12. h3 b6 13. Qd2 Bb7 (13... e6 $11) 14. Rad1 a6 15. Bc4 Ba8 (15... Kh8 $142) 16. e5 (16. f5 $1 $16) 16... Ne8 17. Na2 (17. f5 $5) 17... b5 18. axb5 axb5 19. Bb3 (19. Nxb4 $11 bxc4 20. Nc6 Bxc6 21. dxc6) 19... Nxa2 $17 20. Bxa2 c4 $1 21. b3 c3 {[%cal Rc3d2]} 22. Qxc3 b4 $1 {[%cal Rb4c3]} 23. Qd3 {[#]} Qa5 $1 24. c4 {[#] Black must now prevent Bb1.} bxc3 $1 {Strongly threatening ...dxe5.} ({Avoid the trap} 24... Qxa2 $2 25. Ra1 $18) 25. Rf2 Nc7 {[%cal Rc7d5]} 26. b4 Qxb4 ({Reject} 26... Rxb4 $6 27. Qxc3 Rfb8 28. Qd2 $11) 27. Rc2 Nb5 28. Rb1 Qa5 29. Bc4 {[%cal Rb1b5]} Na3 30. Ra1 Rb1+ (30... Qb4 $17 31. Rxc3 Nxc4 32. Rxc4 Qb3) 31. Rxb1 $11 Nxb1 32. Ba2 $1 $36 {[%cal Ra2b1][%mdl 2048] White fights for an advantage.} Rb8 33. Kh2 dxe5 34. fxe5 (34. Nxe5 {looks sharper.} Nd2 35. Bd4 Qa4 36. Qxc3 Ne4 37. Qc7) 34... Nd2 35. Bxd2 cxd2 36. Qxd2 Qxd2 37. Rxd2 Rd8 (37... Bh6 $15 38. Rd4 Be3) 38. Kg3 Bb7 39. Bc4 Kf8 40. Rb2 Ba8 41. Rd2 (41. Ra2 $11) 41... Rb8 (41... e6 $1 $17 {[%cal Re6d5]} 42. Rd4 exd5) 42. Rd3 Rc8 43. Rb3 e6 44. Rb5 $1 exd5 ({Don't play} 44... Rxc4 $6 45. Rb8+ Ke7 46. d6+ Kd7 47. Rxa8 $14) 45. Bxd5 Bxd5 46. Rxd5 {[%mdl 4096] Endgame KRB-KRN} Ke7 47. Ra5 Rc7 48. Ra6 Bh6 49. Rb6 Be3 50. Ra6 Rc4 51. h4 h5 52. Kh3 Rg4 {aiming for ...Bf4.} 53. Nh2 $1 {[%cal Rh2g4]} Re4 54. Nf3 Bf2 55. Ra2 $1 {[%cal Ra2f2]} Bc5 (55... Be1 {with more complications.} 56. Ra7+ Ke8 57. Ra8+ Ke7 58. Ra7+) 56. Rc2 Bb6 57. Rb2 Bc7 58. Rb7 Kd8 59. Ra7 Re3 60. Ra8+ Kd7 61. Ra7 {The position is equal.} Rb3 62. Kg3 Kc6 63. Kf4 {And now Nd4+ would win.} Kb6 64. Ra4 f6 65. Ke4 fxe5 66. Nxe5 Kb5 67. Rd4 Rg3 68. Rd2 Kb4 69. Rd4+ Kb5 70. Rd2 (70. Rd5+ {seems wilder.} Ka4 71. Rd2 Kb4) 70... Bxe5 71. Kxe5 {KR-KR} Rg4 72. Kf6 Kc5 73. Kf7 Kc4 74. Rd6 Rxg2 75. Rxg6 Rh2 76. Rg5 Rxh4 77. Kg6 Rg4 78. Kxh5 Rxg5+ 79. Kxg5 Kd5 {Weighted Error Value: White=0.14/Black=0.13} 1/2-1/2

[Event "Romanian Open 2021"]
[Site "Alba Iulia"]
[Date "2021.11.24"]
[Round "6.3"]
[White "Nevednichy, Vladislav"]
[Black "Pasztor, Balazs"]
[Result "1-0"]
[WhiteElo "2504"]
[BlackElo "2356"]
[Annotator "TA"]
[PlyCount "61"]
[EventDate "2021.11.21"]
[EventType "swiss"]
[EventCountry "ROU"]
[SourceTitle "playchess.com"]
[Source "ChessBase"]
[SourceQuality "1"]

{[%evp 20,61,14,7,29,26,26,0,0,0,0,0,-16,-24,55,67,65,49,115,105,108,109,156,162,170,119,306,311,306,339,583,580,570,581,717,682,605,477,506,400,397,402,373,353]} 1. e4 c6 2. d4 d5 3. Nc3 dxe4 4. Nxe4 Bf5 5. Ng3 Bg6 6. h4 h6 7. Nf3 Nf6 8. h5 Bh7 9. Bd3 Bxd3 10. Qxd3 e6 11. Bd2 Na6 {[%cal Bb8a6,Ba6b4,Bb4d5,Bd5f4][%mdl 32] B19: Classical Caro-Kann: 4...Bf5 main line.} 12. O-O-O Nb4 {[#]} 13. Qb3 $146 (13. Bxb4 $5 Bxb4 14. Kb1 $11) ({Predecessor:} 13. Bxb4 Bxb4 14. Ne5 O-O 15. Ne4 Qd5 16. Nxf6+ gxf6 17. c4 Qa5 18. Ng4 Qg5+ 19. Ne3 {0-1 (34) Hamer,M (1962)-Hagesaether,A (2166) Blackpool 2008}) 13... a5 {[%cal Ba7a5,Ba5a4][%mdl 32] The position is equal.} 14. a3 a4 15. Qe3 Nbd5 16. Qe2 Qc7 ({Better is} 16... b5 $1 $11) 17. c4 $1 $36 {[%cal Rc4d5][%mdl 2048] White has some pressure.} Nf4 18. Qf1 g5 (18... c5 $14) 19. hxg6 $1 $16 Nxg6 20. Kb1 b5 21. d5 cxd5 22. Bc3 (22. cxb5 $18 Ng4 23. Nh5) 22... bxc4 $2 {[#] Loses the game.} (22... Bg7 $16) 23. Bxf6 $18 Rb8 24. Ka1 Bxa3 $2 (24... Kd7 25. Bxh8 Nxh8) 25. bxa3 ({Weaker is} 25. Bxh8 Nxh8 26. Rb1 (26. bxa3 Qc5 $11) (26. Rxh6 $2 Bxb2+ 27. Ka2 Qc5 $19) 26... Bc5 $18) 25... Rb3 26. Rd2 O-O 27. Ra2 Rfb8 28. Qe2 Qb6 {[#] ( -> ...Rb1+)} 29. Qc2 e5 30. Nh5 d4 {and the idea ...d3 leaves Black hopeful.} 31. Nxe5 {Weighted Error Value: White=0.16/Black=0.40} 1-0

[Event "Romanian Open 2021"]
[Site "Alba Iulia"]
[Date "2021.11.24"]
[Round "6.4"]
[White "Pasti, Aron"]
[Black "Vajda, Albert"]
[Result "1-0"]
[WhiteElo "2335"]
[BlackElo "2353"]
[Annotator "TA"]
[PlyCount "40"]
[EventDate "2021.11.21"]
[EventType "swiss"]
[EventCountry "ROU"]
[SourceTitle "playchess.com"]
[Source "ChessBase"]
[SourceQuality "1"]

{[%evp 20,40,0,-3,29,25,32,0,0,0,0,0,0,0,58,59,70,66,122,115,125,101,165]} 1. e4 c6 2. d4 d5 3. Nc3 dxe4 4. Nxe4 Bf5 5. Ng3 Bg6 6. h4 h6 7. Nf3 Nf6 8. h5 Bh7 9. Bd3 Bxd3 10. Qxd3 e6 11. Bd2 Na6 {[%cal Bb8a6,Ba6b4,Bb4d5,Bd5f4][%mdl 32] B19: Classical Caro-Kann: 4...Bf5 main line.} 12. O-O-O Nb4 {[#]} 13. Qb3 $146 (13. Bxb4 $5 Bxb4 14. Kb1 $11) ({Predecessor:} 13. Bxb4 Bxb4 14. Ne5 O-O 15. Ne4 Qd5 16. Nxf6+ gxf6 17. c4 Qa5 18. Ng4 Qg5+ 19. Ne3 {0-1 (34) Hamer,M (1962)-Hagesaether,A (2166) Blackpool 2008}) 13... a5 {[%cal Ba7a5,Ba5a4][%mdl 32] The position is equal.} 14. a3 a4 15. Qe3 Nbd5 16. Qe2 $36 {[%mdl 2048] White has some pressure.} Qc7 (16... b5 $11) 17. c4 $1 $14 {[%cal Rc4d5]} Nf4 18. Qf1 g5 (18... O-O-O $14) 19. hxg6 $1 $16 Nxg6 20. Kb1 b5 {Weighted Error Value: White=0.03/Black=0.28} (20... O-O-O $16) 1-0

[Event "Romanian Open 2021"]
[Site "Alba Iulia"]
[Date "2021.11.24"]
[Round "6.5"]
[White "Padurariu, Mihai-Edward"]
[Black "Nastore, Pavel-Alexandru"]
[Result "1/2-1/2"]
[WhiteElo "2251"]
[BlackElo "2249"]
[Annotator "ChessBase"]
[PlyCount "49"]
[EventDate "2021.11.21"]
[EventType "swiss"]
[EventCountry "ROU"]
[SourceTitle "playchess.com"]
[Source "ChessBase"]
[SourceQuality "1"]
[TimeControl "5400+30"]

1. e4 {[%emt 0:00:27]} c5 {[%emt 0:00:15]} 2. Nf3 {[%emt 0:00:16]} d6 {[%emt 0:00:04]} 3. d4 {[%emt 0:00:13]} cxd4 {[%emt 0:00:06]} 4. Qxd4 {[%emt 0:00:04]} Nc6 {[%emt 0:00:24]} 5. Bb5 {[%emt 0:00:23]} a6 {[%emt 0:01:13]} 6. Bxc6+ {[%emt 0:00:23]} bxc6 {[%emt 0:00:01]} 7. O-O {[%emt 0:00:59]} e5 {[%emt 0:00:20]} 8. Qd3 {[%emt 0:01:20]} Qc7 {[%emt 0:00:11]} 9. c4 {[%emt 0:00:51]} Be7 {[%emt 0:00:48]} 10. c5 {[%emt 0:02:54]} dxc5 {[%emt 0:00:08]} 11. Nbd2 {[%emt 0:05:23]} Nf6 {[%emt 0:03:19]} 12. Nc4 {[%emt 0:01:50]} Nd7 {[%emt 0:00:12]} 13. Be3 {[%emt 0:10:06]} O-O {[%emt 0:00:48]} 14. Rad1 {[%emt 0:02:01]} Rd8 {[%emt 0:08:33]} 15. Qc3 {[%emt 0:08:00]} f6 {[%emt 0:10:48]} 16. Qa5 {[%emt 0:01:31]} Ra7 {[%emt 0:13:39]} 17. Bd2 {[%emt 0:07:11]} Nb8 {[%emt 0:06:48]} 18. Qa3 {[%emt 0:10:42]} Qb7 {[%emt 0:08:41]} 19. Rc1 {[%emt 0:04:58]} a5 {[%emt 0:04:32]} 20. Bxa5 {[%emt 0:17:31]} Be6 {[%emt 0:00:49]} 21. Qc3 {[%emt 0:03:47]} Re8 {[%emt 0:00:23]} 22. Nfd2 {[%emt 0:04:24]} Nd7 {[%emt 0:06:13]} 23. a3 {[%emt 0:03:05]} Bf7 {[%emt 0:17:02]} 24. b4 {[%emt 0:01:59]} cxb4 {[%emt 0:17:13]} 25. axb4 {[%emt 0:12:42]} 1/2-1/2

[Event "Romanian Open 2021"]
[Site "Alba Iulia"]
[Date "2021.11.24"]
[Round "6.6"]
[White "Filip, Andrei"]
[Black "Butolo, Alexandru-Mircea"]
[Result "1-0"]
[WhiteElo "2243"]
[BlackElo "1768"]
[Annotator "TA"]
[PlyCount "63"]
[EventDate "2021.11.21"]
[EventType "swiss"]
[EventCountry "ROU"]
[SourceTitle "playchess.com"]
[Source "ChessBase"]
[SourceQuality "1"]

{[%evp 10,62,47,36,44,37,39,36,77,43,158,157,128,139,139,137,130,129,143,67,104,53,67,66,59,72,51,55,69,71,132,141,144,148,199,196,367,242,227,227,195,182,302,322,347,308,370,361,1019,941,5165,5161,29998,29999,29999]} 1. e4 c5 2. Nf3 Nc6 3. Bb5 d6 4. O-O Bd7 5. Re1 Nf6 6. c3 a6 {B51: Sicilian: Moscow Variation (3 Bb5+) without 3...Bd7.} 7. Bc4 b5 8. Bf1 Bg4 {White is slightly better.} 9. a4 Rb8 (9... b4 $14) 10. axb5 $16 axb5 11. d4 cxd4 12. cxd4 {[#]} e5 $146 ({Predecessor:} 12... d5 13. e5 Ne4 14. Qb3 b4 15. Be3 Bc8 16. Rc1 Rb6 17. Ra8 Nb8 18. Qa4+ Qd7 19. Rxc8# {1-0 (19) Hilwerda,J (2279)-Melaugh,S (2105) Paris 2019}) 13. dxe5 Nxe5 14. Be2 (14. Nc3 $16) 14... Bxf3 15. Bxf3 ({White should play} 15. gxf3 $16 Be7 16. Nc3) 15... Nxf3+ $14 16. Qxf3 Be7 $1 17. Bf4 {Hoping for e5.} O-O 18. Nc3 {[%cal Bb1c3,Bc3e2,Be2d4,Bd4f5][%mdl 32]} b4 19. Ne2 Nd7 (19... Re8 $142) 20. Nd4 $16 {[#] Nc6 is the strong threat.} Rb6 21. Nf5 {Strongly threatening Qg4!} Bf6 (21... Ne5 $16 {keeps fighting.} 22. Qb3 Bf6) 22. Bxd6 $18 Re8 (22... Ne5 {was worth a try.} 23. Qd1 Re8) 23. Ra7 Ne5 24. Bxe5 Bxe5 25. Rd1 Qb8 (25... Qf6 $142 26. Rdd7 Rf8) 26. Rdd7 Rf8 27. g3 Bxb2 28. Qb3 {[%cal Rd7f7]} Bf6 $2 {[#]} (28... Bc3 29. Nxg7 Rf6) 29. Nh6+ $1 {[%mdl 512]} gxh6 (29... Kh8 30. Nxf7+) 30. Rxf7 Qe5 31. Rg7+ Kh8 32. Rxh7# {Weighted Error Value: White=0.14/Black=0.63} 1-0

[Event "Romanian Open 2021"]
[Site "Alba Iulia"]
[Date "2021.11.24"]
[Round "6.7"]
[White "Antal, Hunor-Zoltan"]
[Black "Petre, Nad-Titus"]
[Result "1/2-1/2"]
[WhiteElo "2111"]
[BlackElo "2319"]
[Annotator "TA"]
[PlyCount "62"]
[EventDate "2021.11.21"]
[EventType "swiss"]
[EventCountry "ROU"]
[SourceTitle "playchess.com"]
[Source "ChessBase"]
[SourceQuality "1"]

{[%evp 9,62,-6,8,0,0,0,0,0,45,43,46,51,43,32,33,12,13,10,9,25,18,23,19,19,17,20,13,0,0,0,0,-19,-14,-70,-74,-89,-89,-89,-89,-76,-40,-62,-27,-22,-19,-23,-8,-3,-8,-11,0,0,0,0,0]} 1. d4 Nf6 2. Nf3 g6 3. c4 c5 4. d5 b5 5. Bg5 Bg7 6. Nbd2 {A57: Benko/Volga Gambit.} bxc4 7. e4 d6 8. Qc2 {[#]} Qa5 $146 ({Predecessor:} 8... O-O 9. Bxc4 Nbd7 10. O-O Rb8 11. Rad1 Ng4 12. b3 Nge5 13. Nxe5 Nxe5 14. f4 Ng4 {1-0 (42) De Leon Cultri Fascetti,A (2142)-Prudenzano,R (1925) Rome 2008}) 9. Bxc4 Nbd7 10. O-O O-O 11. Rad1 Rb8 12. b3 h6 13. Be3 Ng4 14. Bf4 g5 15. Bg3 Qc3 16. Qb1 Qb2 17. Qxb2 Bxb2 18. Be2 Nge5 19. Nxe5 Bxe5 20. Bxe5 Nxe5 21. Nc4 (21. h4 $11) 21... Ba6 $1 $15 22. Nxe5 Bxe2 23. Nd7 {[%mdl 64] [#] Double Attack} Rb4 24. Nxf8 {And now Nd7 would win.} Kxf8 $17 {[%mdl 4096] Endgame KRR-KRB} 25. f3 Kg7 26. Kf2 Bxf1 27. Rxf1 c4 28. Rc1 {The position is equal.} cxb3 29. axb3 Rxb3 30. Rc7 Rb2+ 31. Kg3 Kf6 {Weighted Error Value: White=0.09/Black=0.06} 1/2-1/2

[Event "Romanian Open 2021"]
[Site "Alba Iulia"]
[Date "2021.11.24"]
[Round "6.8"]
[White "Gheorghiu, Calin"]
[Black "Arion, Ilie"]
[Result "1-0"]
[WhiteElo "2294"]
[BlackElo "1758"]
[Annotator "TA"]
[PlyCount "49"]
[EventDate "2021.11.21"]
[EventType "swiss"]
[EventCountry "ROU"]
[SourceTitle "playchess.com"]
[Source "ChessBase"]
[SourceQuality "1"]

{[%evp 12,49,39,30,82,72,71,66,67,39,34,70,94,56,102,66,79,70,64,57,150,156,214,214,285,287,285,279,496,434,420,394,425,431,415,426,409,413,797,785]} 1. e4 d6 2. d4 Nf6 3. Nc3 g6 4. f4 Bg7 5. Nf3 c5 6. dxc5 Qa5 7. Qd3 O-O {[#] B09: Pirc Defence: Austrian Attack.} (7... Qxc5 $11 8. a3 O-O) 8. Qb5 $1 $16 {[%cal Rb5a5]} Qc7 9. cxd6 exd6 {White is slightly better.} 10. Bd3 a6 {[#]} 11. Qg5 $146 ({Predecessor:} 11. Qb3 Be6 12. Qa3 Nc6 13. O-O b5 14. Nd1 a5 15. Ng5 Bg4 16. c3 Bxd1 17. Rxd1 {0-1 (36) Arese,C-Colussi,A Santa Fe 1992}) 11... h6 {[#]} 12. Qh4 b5 13. O-O b4 14. Nd5 $36 {[%mdl 2048] Black is under pressure.} Nxd5 15. exd5 {Hoping for f5.} Qc5+ (15... Nd7 $1 $14) 16. Kh1 {Threatens to win with f5.} f5 (16... Qxd5 $16 17. f5 {[%mdl 64] Discovered Attack} Bxf5) 17. Qg3 Kh7 18. Nh4 Rf6 19. b3 {aiming for Bb2.} Qxd5 $2 (19... Nd7 20. a3 Nf8 21. axb4 Qc3) 20. Bb2 {And now Bc4 would win.} Qf7 21. Bc4 Be6 22. Bxf6 Qxf6 23. Bxe6 Qxe6 24. Rae1 Qf6 (24... Qf7 $142 25. Qd3 Ra7 26. Qxd6 Rb7) 25. Re8 {Weighted Error Value: White=0.06/Black=0.50} 1-0

[Event "Romanian Open 2021"]
[Site "Alba Iulia"]
[Date "2021.11.24"]
[Round "6.9"]
[White "Negrean, Andrei"]
[Black "Tudor, Henry Edward"]
[Result "1-0"]
[WhiteElo "1847"]
[BlackElo "1753"]
[Annotator "NA RC"]
[PlyCount "79"]
[EventDate "2021.11.21"]
[EventType "swiss"]
[EventCountry "ROU"]
[SourceTitle "playchess.com"]
[Source "ChessBase"]
[SourceQuality "1"]
[TimeControl "5400+30"]

{[%evp 17,75,-35,-27,-19,0,0,28,27,68,70,76,51,67,70,84,32767,32767,92,114,41,16,10,60,62,32767,32767,32767,32767,32767,32767,64,48,32767,46,76,92,100,84,135,154,235,251,270,268,270,144,259,0,287,289,465,474,727,660,829,696,633,668,787,922]} 1. d4 {[%emt 0:00:00]} Nf6 {[%emt 0:00:22]} 2. Nf3 {[%emt 0:00:22]} e6 {[%emt 0:00:12]} 3. g3 {[%emt 0:00:53]} d5 {[%emt 0:01:49]} 4. Bg2 {[%emt 0:00:34]} Be7 {[%emt 0:00:18]} 5. O-O {[%emt 0:02:39]} O-O {[%emt 0:00:35]} 6. c4 {[%emt 0:00:42]} dxc4 {[%emt 0:01:34]} 7. Qc2 {[%emt 0:03:01]} b5 {[%emt 0:00:14]} 8. a4 {[%emt 0:00:31]} b4 {[%emt 0:00:04]} 9. Qxc4 {[%emt 0:14:31]} Ba6 {[%emt 0:04:20]} 10. Qc2 {[%emt 0:01:14]} Bb7 {[%emt 0:10:42]} 11. Bg5 {[%emt 0:05:43]} Be4 {[%emt 0:10:40]} 12. Qc1 {[%emt 0:01:50]} h6 {[%emt 0:01:03]} 13. Bxf6 {[%emt 0:04:01]} Bxf6 {[%emt 0:00:04]} 14. Nbd2 {[%emt 0:02:04]} Bb7 {[%emt 0:00:24]} 15. Nb3 {[%emt 0:02:17]} Nd7 {[%emt 0:07:34]} 16. Na5 {[%emt 0:08:02]} Be4 {[%emt 0:03:04]} 17. Nc6 {[%emt 0:02:54]} Qc8 {[%emt 0:02:04]} 18. Ne1 {[%emt 0:07:20]} ({Stronger than} 18. Nxb4 c5 $15) ({Better is} 18. Nfe5 $16 Bxg2 19. Kxg2) 18... Bxg2 $1 {[%emt 0:00:49]} 19. Nxg2 {[%emt 0:00:13]} Qb7 {[%emt 0:00:35]} (19... Nb8 $11) 20. e3 {[%emt 0:10:34]} Nb8 {[%emt 0:12:47]} 21. Nxb8 {[%emt 0:10:51]} Raxb8 {[%emt 0:01:04]} 22. Qc5 {[%emt 0:01:46]} Rfc8 {[%emt 0:02:01]} 23. Nf4 {[%emt 0:02:03]} c6 {[%emt 0:04:21]} 24. Nd3 {[%emt 0:00:50]} Be7 {[%emt 0:03:39]} 25. Qc4 {[%emt 0:00:43]} a5 {[%emt 0:01:00]} 26. Nc5 {[%emt 0:02:05]} Qa7 {[%emt 0:00:56]} 27. Rfc1 {[%emt 0:00:32]} Rb6 {[%emt 0:04:45]} 28. Nxe6 $1 {[%emt 0:01:55]} Qa6 {[%emt 0:02:04]} (28... c5 $16 {keeps fighting.}) 29. Nc5 {[%emt 0:00:35]} Qxc4 {[%emt 0:01:09]} 30. Rxc4 {[%emt 0:00:02]} b3 $1 $11 {[%emt 0:00:01] and Black stays safe.} 31. Ra3 {[%emt 0:00:52]} (31. Rac1 $18 f6) 31... Rcb8 {[%emt 0:00:38]} (31... Rd8 $16 32. Ra1 Bxc5) 32. Ra1 $2 {[%emt 0:02:51]} (32. Kg2 $18) 32... Rb4 $2 {[%emt 0:00:31]} 33. Rc3 {[%emt 0:00:30]} R8b6 {[%emt 0:01:25]} (33... Ra8 $142 34. Nd3 Rb6) 34. Nd3 {[%emt 0:00:25]} c5 {[%emt 0:01:47]} (34... Kf8 $142 35. Kg2 f5) 35. Nxb4 {[%emt 0:01:16]} axb4 {[%emt 0:00:01]} 36. Rc4 {[%emt 0:00:34]} cxd4 {[%emt 0:00:23]} 37. exd4 {[%emt 0:00:07]} Re6 {[%emt 0:00:01]} 38. a5 $18 {[%emt 0:00:29]} Ra6 {[%emt 0:03:15]} 39. Rc8+ {[%emt 0:00:04]} Kh7 {[%emt 0:00:09]} 40. Rb8 {[%emt 0:00:12]} 1-0

[Event "Romanian Open 2021"]
[Site "Alba Iulia"]
[Date "2021.11.24"]
[Round "6.10"]
[White "Jiros, Doru"]
[Black "Maria, Lia-Alexandra"]
[Result "0-1"]
[WhiteElo "2020"]
[BlackElo "1784"]
[Annotator "TA"]
[PlyCount "52"]
[EventDate "2021.11.21"]
[EventType "swiss"]
[EventCountry "ROU"]
[SourceTitle "playchess.com"]
[Source "ChessBase"]
[SourceQuality "1"]

{[%evp 17,52,-1,-1,-17,33,30,90,-32,-9,-34,-33,-33,-37,-36,-39,-43,-14,-56,-43,-52,-57,-52,-50,-104,-78,-80,-60,-84,-67,-124,-112,-117,-101,-704,-665,-1038,-1037]} 1. b3 d5 2. Bb2 Nf6 3. e3 c6 4. f4 Bg4 5. Nf3 e6 6. Be2 Nbd7 7. O-O Bd6 8. Ne5 Bxe2 9. Qxe2 Qc7 {[%cal Rd7e5] [#]} 10. Nf3 $146 {A03: Bird's Opening with 1...d5.} ({Predecessor:} 10. Nxd7 Qxd7 11. Bxf6 gxf6 12. a4 f5 13. c3 O-O-O 14. b4 Rdg8 15. b5 c5 16. a5 Rg4 17. c4 d4 18. exd4 Rhg8 19. g3 Bxf4 20. Nc3 Bxg3 21. hxg3 Rxg3+ 22. Kh2 Qxd4 23. Ne4 fxe4 24. Rxf7 Qe5 {0-1 (24) Mujahid,B (1189)-Momin,F Chess.com INT 2021}) 10... O-O-O 11. c4 e5 (11... Rhg8 $11 {keeps the balance.}) 12. cxd5 (12. c5 $16 Bxc5 13. fxe5) 12... Nxd5 $15 ({Reject} 12... exf4 $6 13. dxc6 bxc6 14. Na3 $14) 13. fxe5 Nxe5 14. Bxe5 Bxe5 15. Nxe5 Qxe5 16. Na3 f5 17. Rad1 Kb8 18. Qf3 g6 19. Nc4 Qc7 20. Kh1 (20. g4 $15) 20... Rhe8 21. g4 fxg4 22. Qxg4 Nb4 23. d4 (23. a4 $15) 23... Nxa2 $17 24. Ne5 Nc3 25. Rf7 $2 {[%mdl 8192]} (25. Rc1 $17 Qa5 26. Qg2) 25... Nxd1 $19 26. Rxc7 {[#] Strongly threatening Rf7.} Nf2+ {[%mdl 64] Double Attack.  Weighted Error Value: White=0.96/Black=0.18} 0-1

[Event "Romanian Open 2021"]
[Site "Alba Iulia"]
[Date "2021.11.24"]
[Round "6.11"]
[White "Sava, Robert-Gabriel"]
[Black "Botea, David-Alexandru"]
[Result "1/2-1/2"]
[WhiteElo "1735"]
[BlackElo "2013"]
[Annotator "ChessBase"]
[PlyCount "106"]
[EventDate "2021.11.21"]
[EventType "swiss"]
[EventCountry "ROU"]
[SourceTitle "playchess.com"]
[Source "ChessBase"]
[SourceQuality "1"]
[TimeControl "5400+30"]

1. e4 {[%emt 0:00:09]} d6 {[%emt 0:00:07]} 2. d4 {[%emt 0:00:13]} Nf6 {[%emt 0:00:03]} 3. Nc3 {[%emt 0:00:23]} g6 {[%emt 0:00:05]} 4. f4 {[%emt 0:00:24]} Bg7 {[%emt 0:00:03]} 5. Bd3 {[%emt 0:00:47]} Nc6 {[%emt 0:00:30]} 6. Nf3 {[%emt 0:00:50]} Bg4 {[%emt 0:00:11]} 7. Be3 {[%emt 0:03:24]} e5 {[%emt 0:01:51]} 8. fxe5 {[%emt 0:08:54]} dxe5 {[%emt 0:00:11]} 9. dxe5 {[%emt 0:05:16]} Bxf3 {[%emt 0:11:06]} 10. gxf3 {[%emt 0:02:04]} Nxe5 {[%emt 0:01:00]} 11. Bb5+ {[%emt 0:03:14]} Nfd7 {[%emt 0:07:32]} 12. Be2 {[%emt 0:06:49]} Bh6 {[%emt 0:18:36]} 13. Qd2 {[%emt 0:13:30]} Qh4+ {[%emt 0:02:01]} 14. Kd1 {[%emt 0:00:41]} Bxe3 {[%emt 0:02:01]} 15. Qxe3 {[%emt 0:00:19]} Nb6 {[%emt 0:02:11]} 16. b3 {[%emt 0:02:36]} f5 {[%emt 0:15:52]} 17. exf5 {[%emt 0:02:18]} O-O-O+ {[%emt 0:00:21]} 18. Kc1 {[%emt 0:02:08]} Rhe8 {[%emt 0:03:05]} 19. Rd1 {[%emt 0:09:56]} Nd3+ {[%emt 0:03:06]} 20. Qxd3 {[%emt 0:00:12]} Rxd3 {[%emt 0:00:04]} 21. Rxd3 {[%emt 0:01:33]} Qxh2 {[%emt 0:21:40]} 22. fxg6 {[%emt 0:03:23]} hxg6 {[%emt 0:00:35]} 23. Bf1 {[%emt 0:05:36]} Re1+ {[%emt 0:07:39]} 24. Kb2 {[%emt 0:01:02]} Rxa1 {[%emt 0:00:01]} 25. Kxa1 {[%emt 0:00:02]} Qh1 {[%emt 0:01:11]} 26. Rd1 {[%emt 0:03:02]} Qxf3 {[%emt 0:00:24]} 27. Bd3 {[%emt 0:01:27]} Qf6 {[%emt 0:00:47]} 28. Kb2 {[%emt 0:00:28]} Nd5 {[%emt 0:00:51]} 29. Bf5+ {[%emt 0:00:16]} gxf5 {[%emt 0:01:11]} 30. Rxd5 {[%emt 0:00:04]} f4 {[%emt 0:00:19]} 31. Rd2 {[%emt 0:00:15]} f3 {[%emt 0:00:47]} 32. Rf2 {[%emt 0:00:13]} c5 {[%emt 0:00:23]} 33. a3 {[%emt 0:00:38]} a5 {[%emt 0:00:06]} 34. a4 {[%emt 0:00:12]} b6 {[%emt 0:00:21]} 35. Rf1 {[%emt 0:00:26]} f2 {[%emt 0:00:17]} 36. Ka2 {[%emt 0:00:31]} Qxc3 {[%emt 0:00:18]} 37. Rxf2 {[%emt 0:00:03]} Kb7 {[%emt 0:00:35]} 38. Re2 {[%emt 0:00:19]} b5 {[%emt 0:00:52]} 39. axb5 {[%emt 0:01:41]} Kb6 {[%emt 0:00:07]} 40. Kb1 {[%emt 0:00:09]} Kxb5 {[%emt 0:00:01]} 41. Re4 {[%emt 0:00:13]} Kc6 {[%emt 0:01:46]} 42. Rc4 {[%emt 0:01:20]} Qd2 {[%emt 0:00:23]} 43. Kb2 {[%emt 0:00:22]} Kd5 {[%emt 0:00:12]} 44. Kb1 {[%emt 0:01:19]} Qe2 {[%emt 0:00:39]} 45. Ra4 {[%emt 0:00:24]} Qe1+ {[%emt 0:00:06]} 46. Kb2 {[%emt 0:00:07]} Qd2 {[%emt 0:01:28]} 47. Rc4 {[%emt 0:00:45]} Qe2 {[%emt 0:00:02]} 48. Ra4 {[%emt 0:00:19]} Qe1 {[%emt 0:00:02]} 49. Rc4 {[%emt 0:00:11]} Qb4 {[%emt 0:00:56]} 50. Rxb4 {[%emt 0:00:20]} axb4 {[%emt 0:00:01]} 51. Kc1 {[%emt 0:00:13]} c4 {[%emt 0:01:13]} 52. bxc4+ {[%emt 0:00:08]} Kxc4 {[%emt 0:00:01]} 53. Kb2 {[%emt 0:00:05]} Kc5 {[%emt 0:00:12]} 1/2-1/2